000 00264nam a2200121Ia 4500
008 190216s9999||||xx |||||||||||||| ||und||
100 _aKotpal R L
245 0 _aEchinodermata
260 _bRasthogi Pub
_c1982
300 _a220p
650 _aZoology
942 _cBK
999 _c37404
_d37404